000 00690nam a2200241 i 4500
001 C2-0243394
003 PPAK
005 20180727205038.0
008 021022s1992 my |||| ||||| | may d
040 _aPPAK
_beng
_cPPAK
_erda
082 0 4 _a370.15
_223
090 0 0 _a370.15
_bAZM
_dKAM
100 0 _aAzmi Zakaria,
_eauthor
245 1 0 _aPengurusan Sekolah Menengah Agama :
_bsatu tinjauan kritis
264 1 _aSelangor :
_bKementerian Pendidikan Malaysia ,
_c1992
300 _a38 pages ;
_c30 cm
336 _2rdacontent
_atext
337 _2rdamedia
_aunmediated
338 _2rdacarrier
_avolume
500 _aKertas Kerja 20
650 1 0 _aStudents - Psychology
942 _ddc
_cB
999 _c57906
_d57906